LEADER 01198nam--2200409---450- 001 990003554840203316 005 20110914094257.0 010 $a3-631-52613-X 035 $a000355484 035 $aUSA01000355484 035 $a(ALEPH)000355484USA01 035 $a000355484 100 $a20110727d2004----km-y0itay50------ba 101 $afre 102 $aDE 105 $a||||||||001yy 200 1 $aÉcritures du non-lieu$etopographies d'une impossible quête identitaire$eRomain Gary, Patrick Modiano et Georges Perec$fTimo Obergöker 210 $aFrankfurt am Main Berne [etc.]$cP. Lang$d2004 215 $a398 p.$d21 cm 410 0$12001 454 1$12001 461 1$1001-------$12001 600 1$aGary, Romain 600 1$aModiano, Patrick 600 1$aPerec, Georges 676 $a843.914 700 1$aOBERGÖKER,$bTimo$0610384 801 0$aIT$bsalbc$gISBD 912 $a990003554840203316 951 $aII.4.B.320$b349 DIPSUM 959 $aBK 969 $aDSLL 979 $aDSLL$b90$c20110727$lUSA01$h1552 979 $aDSLL$b90$c20110727$lUSA01$h1554 979 $aDSLL$b90$c20110914$lUSA01$h0942 996 $aÉcritures du non-lieu$91117274 997 $aUNISA LEADER 02649oas 2200985 a 450 001 9910145025103321 005 20260218110847.0 011 $a1942-597X 035 $a(DE-599)ZDB2829628-X 035 $a(OCoLC)229340848 035 $a(CONSER) 2008204042 035 $a(CKB)1000000000238780 035 $a(DE-599)2829641-2 035 $a(EXLCZ)991000000000238780 100 $a20080529a20039999 sy a 101 0 $aeng 135 $aur||||||||||| 181 $ctxt$2rdacontent 182 $cc$2rdamedia 183 $acr$2rdacarrier 200 10$aAMIA Annual Symposium proceedings /$fAMIA Symposium 210 $a[Bethesda, MD] $cAmerican Medical Informatics Association 300 $aRefereed/Peer-reviewed 311 08$a1559-4076 517 1 $aAMIA Symposium proceedings 517 1 $aAmerican Medical Informatics Association proceedings 517 1 $aAMIA annu symp proc 531 0 $aAMIA Annu. Symp. proc. 606 $aMedical informatics$vCongresses 606 $aMedical Informatics Applications 606 $aMedical Informatics Computing 606 $aMe?decine$xInformatique$vCongre?s 606 $aMe?decine$xInformatique 606 $aMedical informatics$2fast$3(OCoLC)fst01014175 608 $aConference Proceedings. 608 $aproceedings (reports)$2aat 608 $aPeriodicals.$2fast 608 $aConference papers and proceedings.$2fast 608 $aConference papers and proceedings.$2lcgft 608 $aActes de congre?s.$2rvmgf 615 0$aMedical informatics 615 12$aMedical Informatics Applications. 615 22$aMedical Informatics Computing. 615 6$aMe?decine$xInformatique 615 6$aMe?decine$xInformatique. 615 7$aMedical informatics. 676 $a610 712 02$aAmerican Medical Informatics Association 801 0$bSBH 801 1$bSBH 801 2$bSBH 801 2$bDLC 801 2$bOCLCS 801 2$bOCLCQ 801 2$bBUF 801 2$bOCLCQ 801 2$bOCLCA 801 2$bOCLCF 801 2$bOCLCO 801 2$bOCL 801 2$bOCLCO 801 2$bOCLCQ 801 2$bOCLCO 801 2$bOCLCQ 801 2$bCOO 801 2$bAU@ 801 2$bOCLCO 801 2$bWYU 801 2$bVT2 801 2$bOCL 801 2$bSFB 801 2$bVLY 801 2$bOCLCQ 801 2$bOCLCO 801 2$bVNN 801 2$bOCLCQ 801 2$bOCLCL 801 2$bUAB 801 2$bLIP 801 2$bXFH 801 2$bOCLCQ 906 $aJOURNAL 912 $a9910145025103321 996 $aAMIA Annual Symposium proceedings$92058515 997 $aUNINA